| 000 | 00494nam a22001817a 4500 | ||
|---|---|---|---|
| 003 | CEME | ||
| 005 | 20210628203755.0 | ||
| 008 | 210316b xxu||||| |||| 00| 0 eng d | ||
| 020 | _a981-01-92347 | ||
| 040 | _c. | ||
| 082 | _a530 CHE'C | ||
| 100 |
_aChew, Charles, Cheng, Leong See _967238 |
||
| 245 | _aComprehensive physics, for o level science, for o level science | ||
| 260 |
_aSINGAPORE _bFEDERAL PUBLICATIONS _c1995 |
||
| 300 | _a358P | ||
| 650 |
_aPHYSICS _926219 |
||
| 942 |
_cBK _2ddc |
||
| 999 |
_c575060 _d575060 |
||